[Event "Plzen, JF A"]
[Site "?"]
[Date "1998.??.??"]
[Round "6.7"]
[White "Cernousek, L."]
[Black "Vaculik, M."]
[Result "1/2-1/2"]
[WhiteElo "2150"]
[BlackElo "2130"]
[PlyCount "177"]
[EventDate "1998.??.??"]
[Source "ChessBase"]
[SourceDate "1996.11.15"]

1. c4 Nf6 2. Nf3 e6 3. g3 c5 4. Bg2 d6 5. Nc3 Be7 6. O-O O-O 7. d4 cxd4 8. Nxd4
a6 9. e4 Qc7 10. b3 Bd7 11. Be3 Nc6 12. Nc2 Ne5 13. a4 Nc6 14. Qe2 Rac8 15.
Rfc1 b6 16. Rab1 Rfd8 17. h3 Ne8 18. Qd2 g6 19. Ne1 Ng7 20. Nd3 f5 21. Nf4 Bf8
22. exf5 Nxf5 23. Ncd5 exd5 24. cxd5 Nxe3 25. fxe3 Ne5 26. Rxc7 Rxc7 27. Rc1
Rxc1+ 28. Qxc1 Rc8 29. Qf1 b5 30. Ne6 Be7 31. Nd4 bxa4 32. Nc6 Bxc6 33. dxc6
axb3 34. Qxa6 Rc7 35. Qb6 b2 36. Qxb2 Kf7 37. Qb8 Rxc6 38. Bxc6 Nxc6 39. Qb3+
Kf8 40. Qc3 Ne5 41. Qc8+ Kf7 42. Qh8 h5 43. Kf2 Ke6 44. e4 Kf7 45. Qh7+ Kf6 46.
Ke3 Ke6 47. Qg8+ Kf6 48. Kd4 Nc6+ 49. Kd5 Nb4+ 50. Kc4 Nc6 51. Qc8 Nd8 52. Kd5
Kf7 53. Qd7 Kf8 54. h4 Kf7 55. g4 hxg4 56. Qxg4 Kf6 57. Qg5+ Kf7 58. Qh6 Bf8
59. Qh7+ Kf6 60. Qg8 Be7 61. Qh8+ Kf7 62. Qh7+ Kf6 63. Qh6 Kf7 64. Qf4+ Kg7 65.
Qg4 Kf6 66. Qf3+ Kg7 67. Qf4 Kg8 68. Qg3 Kf7 69. Qf2+ Kg7 70. Kd4 Ne6+ 71. Kd3
Nd8 72. Ke3 Bf6 73. Qg3 Be5 74. Qg4 Nf7 75. h5 g5 76. Qf5 Bf4+ 77. Kd4 Ne5 78.
Kd5 Kh6 79. Qh3 g4 80. Qh4 Bg5 81. Qh2 Nf3 82. Qxd6+ Kxh5 83. Qg3 Bf6 84. Ke6
Be5 85. Qg2 Kg5 86. Qh1 Kf4 87. Kd5 g3 88. Qh3 Ke3 89. Qg2 1/2-1/2

[Event "Plzen, JF A"]
[Site "?"]
[Date "1998.??.??"]
[Round "7.3"]
[White "Simacek, P."]
[Black "Virostko, P."]
[Result "1/2-1/2"]
[WhiteElo "2350"]
[BlackElo "2190"]
[PlyCount "97"]
[EventDate "1998.??.??"]
[Source "ChessBase"]
[SourceDate "1996.11.15"]

1. e4 e5 2. Nf3 Nc6 3. Bb5 a6 4. Ba4 Nf6 5. Qe2 b5 6. Bb3 Be7 7. O-O O-O 8. c3
d5 9. d3 d4 10. cxd4 Nxd4 11. Nxd4 exd4 12. e5 Ne8 13. Nd2 c5 14. f4 g6 15. Ne4
Be6 16. Bxe6 fxe6 17. Bd2 Ng7 18. g4 Qd5 19. Qg2 Rad8 20. a3 Rd7 21. Rf3 c4 22.
Bb4 Ne8 23. Qd2 cxd3 24. Qxd3 Bxb4 25. axb4 Rdf7 26. Raf1 Qc4 27. Qd2 d3 28.
Nc5 Nc7 29. Qxd3 Qxb4 30. Nd7 Ra8 31. Nf6+ Kg7 32. Rh3 Qc5+ 33. Kg2 Rh8 34. Rd1
h6 35. g5 h5 36. Qd4 Qc6+ 37. Kg1 Nd5 38. Nxd5 Rd8 39. Rc3 Qxd5 40. Qxd5 exd5
41. Rd4 Rdf8 42. Rf3 Rc8 43. Rxd5 Rc4 44. e6 Rcxf4 45. Rxf4 Rxf4 46. Rd7+ Kf8
47. Ra7 Rg4+ 48. Kf2 Rxg5 49. Rxa6 1/2-1/2

[Event "Plzen, JF A"]
[Site "?"]
[Date "1998.??.??"]
[Round "7.12"]
[White "Mach, P."]
[Black "Blecha, M."]
[Result "1-0"]
[WhiteElo "1953"]
[BlackElo "2070"]
[PlyCount "45"]
[EventDate "1998.??.??"]
[Source "ChessBase"]
[SourceDate "1996.11.15"]

1. e4 c5 2. Nf3 Nc6 3. d4 cxd4 4. Nxd4 Nf6 5. Nc3 d6 6. Bc4 Bd7 7. Bb3 g6 8.
O-O Bg7 9. Re1 O-O 10. h3 Rc8 11. Bg5 Qa5 12. Nf3 h6 13. Bd2 Qh5 14. Nd5 g5 15.
Bc3 Qg6 16. Nxf6+ Bxf6 17. Bxf6 exf6 18. Qxd6 Rfd8 19. Qg3 Kg7 20. Rad1 Be8 21.
Rd5 b6 22. Rxd8 Rxd8 23. Qc7 1-0

[Event "Plzen, JF A"]
[Site "?"]
[Date "1998.??.??"]
[Round "7.13"]
[White "Weiss, O."]
[Black "Balin, K."]
[Result "1/2-1/2"]
[WhiteElo "2062"]
[BlackElo "1848"]
[PlyCount "40"]
[EventDate "1998.??.??"]
[Source "ChessBase"]
[SourceDate "1996.11.15"]

1. d4 Nf6 2. Nf3 d5 3. e3 Bg4 4. c4 Bxf3 5. Qxf3 e6 6. Nd2 Bb4 7. a3 Bxd2+ 8.
Bxd2 Ne4 9. cxd5 Nxd2 10. Kxd2 exd5 11. Bd3 O-O 12. Rhc1 c6 13. Rc3 Nd7 14.
Rac1 Nf6 15. Rc5 Re8 16. b4 a6 17. R1c2 Qd6 18. Qg3 Qd7 19. Qf4 Nh5 20. Qf5 Nf6
1/2-1/2

[Event "Plzen, JF A"]
[Site "?"]
[Date "1998.??.??"]
[Round "7.18"]
[White "Kracik, D."]
[Black "Decka, E."]
[Result "1/2-1/2"]
[WhiteElo "1895"]
[BlackElo "2100"]
[PlyCount "47"]
[EventDate "1998.??.??"]
[Source "ChessBase"]
[SourceDate "1996.11.15"]

1. e4 c5 2. Nf3 d6 3. d4 cxd4 4. Nxd4 Nf6 5. Nc3 a6 6. Bg5 Nc6 7. Nxc6 bxc6 8.
e5 dxe5 9. Qxd8+ Kxd8 10. O-O-O+ Kc7 11. Bc4 Ng4 12. Bh4 f6 13. Rhe1 Nh6 14. f3
Nf5 15. Bf2 e6 16. Na4 Rb8 17. Nc5 Bxc5 18. Bxc5 Rd8 19. Rxd8 Kxd8 20. Rd1+ Ke8
21. h3 a5 22. g4 Ne7 23. Rd6 Kf7 24. Rd8 1/2-1/2

[Event "Plzen, JF A"]
[Site "?"]
[Date "1998.??.??"]
[Round "7.20"]
[White "Buldrova, M."]
[Black "Hrbolka, L."]
[Result "1/2-1/2"]
[WhiteElo "1860"]
[BlackElo "2075"]
[PlyCount "40"]
[EventDate "1998.??.??"]
[Source "ChessBase"]
[SourceDate "1996.11.15"]

1. e4 c5 2. Nf3 d6 3. d4 cxd4 4. Nxd4 Nf6 5. Nc3 a6 6. Be2 e5 7. Nb3 Be7 8. O-O
O-O 9. a4 b6 10. Be3 Bb7 11. Bf3 Nbd7 12. Qe2 Nc5 13. Nxc5 dxc5 14. Rad1 Qc7
15. Bc1 Rad8 16. g3 Rd4 17. b3 c4 18. Nd5 Nxd5 19. exd5 cxb3 20. cxb3 Rd8
1/2-1/2

[Event "Plzen, JF A"]
[Site "?"]
[Date "1998.??.??"]
[Round "8.3"]
[White "Simacek, P."]
[Black "Fiala, R."]
[Result "1-0"]
[WhiteElo "2350"]
[BlackElo "1951"]
[PlyCount "89"]
[EventDate "1998.??.??"]
[Source "ChessBase"]
[SourceDate "1996.11.15"]

1. e4 c5 2. g3 Nc6 3. Bg2 g6 4. Ne2 Bg7 5. O-O e6 6. c3 d5 7. exd5 exd5 8. d4
cxd4 9. Nxd4 Nxd4 10. cxd4 Ne7 11. Nc3 Be6 12. Bf4 O-O 13. Nb5 Nc6 14. Re1 Rc8
15. Bd6 Re8 16. Be5 Bf8 17. Qf3 Qd7 18. Nc3 Red8 19. Bf6 Be7 20. h4 Bxf6 21.
Qxf6 Qe7 22. Qf4 Qd6 23. Qd2 h5 24. Rad1 Bg4 25. Rc1 Qb4 26. Qg5 Qxd4 27. Nxd5
Kg7 28. Ne3 Qf6 29. Qxf6+ Kxf6 30. Nxg4+ hxg4 31. Rc4 Rd2 32. b4 Rxa2 33. b5
Ne7 34. Rxg4 Nf5 35. Bxb7 Rc5 36. Bc6 a6 37. Rb1 Ra5 38. b6 Nd6 39. b7 Nxb7 40.
Bxb7 Ra2 41. Rf4+ Kg7 42. Rb6 a5 43. Rbf6 Rc7 44. Rxf7+ Rxf7 45. Rxf7+ 1-0

[Event "Plzen, JF A"]
[Site "?"]
[Date "1998.??.??"]
[Round "8.9"]
[White "Teterev, V."]
[Black "Starostits, A."]
[Result "1-0"]
[WhiteElo "2040"]
[BlackElo "2140"]
[PlyCount "61"]
[EventDate "1998.??.??"]
[Source "ChessBase"]
[SourceDate "1996.11.15"]

1. e4 c6 2. d4 d5 3. Nd2 dxe4 4. Nxe4 Nd7 5. Bc4 Ngf6 6. Ng5 e6 7. Qe2 Nb6 8.
Bd3 h6 9. N5f3 c5 10. dxc5 Bxc5 11. Ne5 Qc7 12. Ngf3 Nbd7 13. O-O O-O 14. Re1
Bd6 15. Bf4 Nc5 16. Rad1 Nd5 17. Bg3 Nxd3 18. Qxd3 b5 19. Nd4 Nb4 20. Qe4 Bb7
21. Qg4 h5 22. Qxh5 a6 23. Ng4 Bxg3 24. hxg3 Nd5 25. c3 Rac8 26. Nf3 Rfd8 27.
Ng5 Nf6 28. Nxf6+ gxf6 29. Rxd8+ Rxd8 30. Qh7+ Kf8 31. Nxe6+ 1-0

[Event "Plzen, JF A"]
[Site "?"]
[Date "1998.??.??"]
[Round "8.15"]
[White "Paramonov, D."]
[Black "Kracik, D."]
[Result "1-0"]
[WhiteElo "2200"]
[BlackElo "1895"]
[PlyCount "57"]
[EventDate "1998.??.??"]
[Source "ChessBase"]
[SourceDate "1996.11.15"]

1. e4 c5 2. Nf3 d6 3. d4 cxd4 4. Nxd4 Nf6 5. Nc3 a6 6. Be3 e5 7. Nb3 Be6 8. Qd2
Be7 9. f3 O-O 10. g4 d5 11. g5 Nxe4 12. fxe4 d4 13. h4 dxe3 14. Qxe3 Nc6 15.
Bd3 Nd4 16. O-O-O Qb6 17. Kb1 Rac8 18. Nd5 Bxd5 19. exd5 Bd6 20. c3 Rxc3 21.
bxc3 a5 22. cxd4 a4 23. Qe4 g6 24. Bc2 Ba3 25. dxe5 axb3 26. Bxb3 Rc8 27. e6
Qf2 28. exf7+ Kf8 29. Qe5 1-0

[Event "Plzen, JF A"]
[Site "?"]
[Date "1998.??.??"]
[Round "8.17"]
[White "Blecha, M."]
[Black "Loidl, F."]
[Result "0-1"]
[WhiteElo "2070"]
[BlackElo "2027"]
[PlyCount "74"]
[EventDate "1998.??.??"]
[Source "ChessBase"]
[SourceDate "1996.11.15"]

1. e4 Nf6 2. e5 Nd5 3. c4 Nb6 4. d4 d6 5. f4 g6 6. Be3 Bg7 7. Nc3 O-O 8. Be2
dxe5 9. fxe5 Nc6 10. Nf3 f6 11. e6 Na5 12. Nd2 f5 13. d5 c6 14. Bxb6 Qxb6 15.
Qc2 Qe3 16. Rc1 Bh6 17. Nd1 Qc5 18. Rb1 Qd4 19. b4 Nxc4 20. Nxc4 cxd5 21. Nd2
Qb6 22. Qd3 Bxe6 23. Nf3 Rac8 24. Qb5 Qxb5 25. Bxb5 Rfd8 26. O-O d4 27. Re1 Kf7
28. Bd3 Kf6 29. a3 Bd5 30. Kh1 Bf4 31. Ng1 e5 32. Ne2 Bd2 33. Rf1 e4 34. Bb5 a6
35. Ba4 Bc4 36. Nf2 Ke5 37. Bd1 d3 0-1

[Event "Plzen, JF A"]
[Site "?"]
[Date "1998.??.??"]
[Round "8.18"]
[White "Koutecky, V."]
[Black "Kolar, J."]
[Result "1/2-1/2"]
[WhiteElo "1834"]
[BlackElo "1999"]
[PlyCount "50"]
[EventDate "1998.??.??"]
[Source "ChessBase"]
[SourceDate "1996.11.15"]

1. e4 c6 2. d4 d5 3. exd5 cxd5 4. Bd3 Nc6 5. c3 Nf6 6. Bf4 Bg4 7. Nf3 e6 8.
Nbd2 Bd6 9. Bxd6 Qxd6 10. O-O O-O 11. Re1 Rab8 12. Qa4 Bh5 13. Ne5 Bg6 14. Bxg6
hxg6 15. Nxc6 bxc6 16. b4 Nd7 17. Nf3 Ra8 18. a3 a5 19. Qc2 Ra7 20. Ra2 Rfa8
21. Rea1 Qf4 22. h3 Ra6 23. Qe2 g5 24. a4 axb4 25. cxb4 g4 1/2-1/2

[Event "Plzen, JF A"]
[Site "?"]
[Date "1998.??.??"]
[Round "8.19"]
[White "Micanek, T."]
[Black "Soukup, J."]
[Result "1/2-1/2"]
[WhiteElo "1914"]
[BlackElo "2140"]
[PlyCount "39"]
[EventDate "1998.??.??"]
[Source "ChessBase"]
[SourceDate "1996.11.15"]

1. e4 e5 2. Nc3 Nf6 3. Bc4 Bc5 4. d3 d6 5. Na4 Bb6 6. Nxb6 axb6 7. f4 Nc6 8. c3
Na5 9. Bb5+ c6 10. Ba4 b5 11. Bc2 c5 12. Nf3 Nc6 13. d4 cxd4 14. cxd4 Bg4 15.
dxe5 dxe5 16. Qxd8+ Rxd8 17. fxe5 Bxf3 18. gxf3 Nxe5 19. Ke2 Rc8 20. Bb1
1/2-1/2

[Event "Plzen, JF A"]
[Site "?"]
[Date "1998.??.??"]
[Round "9.5"]
[White "Virostko, P."]
[Black "Bujnoch, R."]
[Result "1/2-1/2"]
[WhiteElo "2190"]
[BlackElo "2053"]
[PlyCount "46"]
[EventDate "1998.??.??"]
[Source "ChessBase"]
[SourceDate "1996.11.15"]

1. e4 c5 2. Nf3 d6 3. d4 cxd4 4. Nxd4 Nf6 5. Nc3 g6 6. Be2 Bg7 7. O-O O-O 8.
Re1 Nc6 9. Nb3 Be6 10. Bf1 a5 11. a4 Rc8 12. Nb5 Nb4 13. c3 Na6 14. Bg5 Nc5 15.
Nxc5 Rxc5 16. Be3 Rc8 17. f3 Nd7 18. Nd4 Bc4 19. Bxc4 Rxc4 20. Qe2 Rc8 21. Rac1
Nc5 22. Qd1 d5 23. b4 Na6 1/2-1/2

[Event "Plzen, JF A"]
[Site "?"]
[Date "1998.??.??"]
[Round "9.8"]
[White "Weiss, O."]
[Black "Vaculik, M."]
[Result "1-0"]
[WhiteElo "2062"]
[BlackElo "2130"]
[PlyCount "33"]
[EventDate "1998.??.??"]
[Source "ChessBase"]
[SourceDate "1996.11.15"]

1. d4 d5 2. Nf3 Nf6 3. e3 e6 4. Bd3 c5 5. b3 Nbd7 6. O-O Bd6 7. Bb2 O-O 8. Nbd2
b6 9. Ne5 Bb7 10. f4 Ne4 11. Rf3 f6 12. Nxd7 Qxd7 13. Rh3 cxd4 14. Bxd4 e5 15.
Nxe4 dxe4 16. Bc4+ Kh8 17. Rxh7+ 1-0

[Event "Plzen, JF A"]
[Site "?"]
[Date "1998.??.??"]
[Round "9.9"]
[White "Starostits, A."]
[Black "Cernousek, L."]
[Result "1-0"]
[WhiteElo "2140"]
[BlackElo "2150"]
[PlyCount "111"]
[EventDate "1998.??.??"]
[Source "ChessBase"]
[SourceDate "1996.11.15"]

1. d4 Nf6 2. Bg5 Ne4 3. Bf4 d5 4. e3 g6 5. Nd2 Nxd2 6. Qxd2 Bg7 7. Bd3 c5 8. c3
Nd7 9. Nf3 O-O 10. h4 Nf6 11. dxc5 Nd7 12. h5 e5 13. hxg6 hxg6 14. Bg5 Qc7 15.
Bc2 Qxc5 16. O-O-O Nb6 17. Bh6 e4 18. Bxg7 Kxg7 19. Ng5 f6 20. Nh3 Bg4 21. Qd4
Qa5 22. f3 Qxa2 23. Bb1 Qb3 24. fxg4 Nc4 25. Rd2 Nxd2 26. Qxd2 g5 27. Qd4 Kg6
28. Bxe4+ dxe4 29. Qxe4+ Kg7 30. Nxg5 Rh8 31. Rh7+ Rxh7 32. Qxh7+ Kf8 33. Qh8+
Qg8 34. Qxf6+ Ke8 35. Ne6 Rc8 36. Ng7+ Kd7 37. Nf5 Qe6 38. Qg7+ Kd8 39. Qxb7 a6
40. Kc2 Rc4 41. Nd4 Qg6+ 42. Kb3 Rc7 43. Qd5+ Ke7 44. Qe5+ Kd7 45. Qf5+ Qxf5
46. gxf5 Kd6 47. Ne6 Rb7+ 48. Kc2 Rb8 49. g4 Ke5 50. Nd4 Rg8 51. g5 Ke4 52. g6
Kxe3 53. Ne6 Ke4 54. f6 Rxg6 55. f7 Rg2+ 56. Kb3 1-0

[Event "Plzen, JF A"]
[Site "?"]
[Date "1998.??.??"]
[Round "9.14"]
[White "Cedikova, K."]
[Black "Brychta, J."]
[Result "1/2-1/2"]
[WhiteElo "2055"]
[BlackElo "2048"]
[PlyCount "58"]
[EventDate "1998.??.??"]
[Source "ChessBase"]
[SourceDate "1996.11.15"]

1. d4 Nf6 2. c4 c5 3. d5 e6 4. Nc3 exd5 5. cxd5 d6 6. Nf3 g6 7. Nd2 a6 8. a4
Nbd7 9. e4 Bg7 10. a5 b5 11. axb6 Nxb6 12. Be2 O-O 13. O-O Re8 14. Qc2 Nfxd5
15. exd5 Bxc3 16. bxc3 Rxe2 17. c4 Bf5 18. Qc3 Qe7 19. Bb2 f6 20. Rfd1 Kf7 21.
h3 Bd7 22. Qa5 Rb8 23. Bc3 Bc8 24. Rab1 Qa7 25. Qa1 Nd7 26. Rbc1 Ne5 27. Re1
Rxd2 28. Bxd2 Nd3 29. Bc3 Nxc1 1/2-1/2

[Event "Plzen, JF A"]
[Site "?"]
[Date "1998.??.??"]
[Round "9.19"]
[White "Soukup, J."]
[Black "Herskovic, R."]
[Result "1-0"]
[WhiteElo "2140"]
[BlackElo "1955"]
[PlyCount "55"]
[EventDate "1998.??.??"]
[Source "ChessBase"]
[SourceDate "1996.11.15"]

1. e4 c6 2. d4 d5 3. Nc3 dxe4 4. Nxe4 Nd7 5. Bc4 Ngf6 6. Nxf6+ Nxf6 7. Ne2 Bf5
8. c3 e6 9. Ng3 Bg6 10. O-O Bd6 11. Bg5 Qc7 12. Qf3 Nd5 13. Bb3 h6 14. Bd2
O-O-O 15. c4 Nf6 16. d5 exd5 17. cxd5 c5 18. Rac1 b6 19. Bc4 h5 20. h3 Rhe8 21.
Nf5 Bxf5 22. Qxf5+ Kb8 23. b4 Re5 24. Qf3 Nxd5 25. bxc5 Qxc5 26. Qxf7 Bc7 27.
Bxd5 Qd6 28. Bf4 1-0

[Event "Plzen, JF A"]
[Site "?"]
[Date "1998.??.??"]
[Round "9.21"]
[White "Kracík, D."]
[Black "Micanek, T."]
[Result "1/2-1/2"]
[WhiteElo "1895"]
[BlackElo "1914"]
[PlyCount "20"]
[EventDate "1998.??.??"]
[Source "ChessBase"]
[SourceDate "1996.11.15"]

1. e4 c5 2. Nf3 Nc6 3. d4 cxd4 4. Nxd4 e5 5. Nb5 d6 6. c4 a6 7. N5c3 f5 8. Bd3
fxe4 9. Bxe4 Nf6 10. Bg5 Be7 1/2-1/2